000 00414nam a2200169Ia 4500
003 LK-CoDNM
005 20240913103853.0
008 010623t xxu||||| |||| 00| 1 eng d
040 _aLK-CoDNM
_dLK-CoDNM
_eLK-CoDNM
041 _aeng
080 _a14
_bC22
100 _aGibson,Ashley.
245 _aThe Children of The Lion
260 _bTimes of Ceylon
_aColombo
300 _b92p. : ill , 21 cm
942 _cBK
999 _c136048
_d136048